[Event "Przelazy op"]
[Site "Przelazy"]
[Date "2008.03.18"]
[Round "8"]
[White "Kowalczyk, Henryk"]
[Black "Swiderski, Marek"]
[Result "0-1"]
[WhiteElo "1792"]
[BlackElo "1960"]
[PlyCount "31"]
[EventDate "2008.03.14"]
[EventType "swiss"]
[EventRounds "9"]
[EventCountry "POL"]
[SourceTitle "EXT 2010"]
[Source "ChessBase"]
[SourceDate "2010.11.25"]
[SourceVersion "1"]
[SourceVersionDate "2010.11.25"]
[SourceQuality "1"]

1. g3 Nf6 2. Bg2 d5 3. Nf3 c6 4. 0-0 Bg4 5. h3 Bh5 6. g4 Bg6 7. Nh4 e6 8. d3 Bc5 9. Nd2 Nbd7 10. Nxg6 hxg6 11. e4 dxe4 12. dxe4 Qc7 13. Nc4 0-0-0 14. Qe2 Rh7 15. Be3 Bxe3 16. Qxe3 0-1

[Event "Przelazy op"]
[Site "Przelazy"]
[Date "2008.03.17"]
[Round "6"]
[White "Hrynkiewicz, Bartosz"]
[Black "Swiderski, Marek"]
[Result "1/2-1/2"]
[WhiteElo "1996"]
[BlackElo "1960"]
[PlyCount "93"]
[EventDate "2008.03.14"]
[EventType "swiss"]
[EventRounds "9"]
[EventCountry "POL"]
[SourceTitle "EXT 2010"]
[Source "ChessBase"]
[SourceDate "2010.11.25"]
[SourceVersion "1"]
[SourceVersionDate "2010.11.25"]
[SourceQuality "1"]

1. d4 d5 2. c4 e6 3. Nc3 Nf6 4. Bf4 c6 5. e3 Bd6 6. Bg3 0-0 7. Nf3 b6 8. Bd3 Ba6 9. Qe2 Qe7 10. c5 Bxg3 11. Bxa6 Nxa6 12. hxg3 Nc7 13. cxb6 axb6 14. Ne5 c5 15. g4 Nd7 16. Nxd7 Qxd7 17. g5 g6 18. 0-0-0 Qe7 19. Rh6 f5 20. Rdh1 Rf7 21. f4 c4 22. a3 b5 23. Na2 Na6 24. Qe1 b4 25. Nxb4 Nxb4 26. Qxb4 Qxb4 27. axb4 Ra4 28. Kc2 Rxb4 29. Ra1 Rfb7 30. Ra2 Rb3 31. Rh3 R3b6 32. Rh1 Rb3 33. Re1 Kg7 34. Re2 h6 35. g3 hxg5 36. fxg5 R3b6 37. Rh2 Rb3 38. Kd1 c3 39. bxc3 Rxc3 40. Ra8 Rb1+ 41. Kd2 Rb2+ 42. Kxc3 Rxh2 43. Ra7+ Kf8 44. Ra8+ Ke7 45. Ra7+ Kf8 46. Kb4 Rg2 47. Kc5 1/2-1/2

[Event "Pomorza-ch Seniors"]
[Site "Gdansk"]
[Date "2007.11.10"]
[Round "2.6"]
[White "Swiderski, Marek"]
[Black "Szczepaniec, Stanislaw"]
[Result "0-1"]
[WhiteElo "1970"]
[BlackElo "2133"]
[PlyCount "72"]
[EventDate "2007.11.10"]
[EventType "swiss"]
[EventRounds "9"]
[EventCountry "POL"]
[SourceTitle "EXT 2023"]
[Source "ChessBase"]
[SourceDate "2022.10.05"]
[SourceVersion "1"]
[SourceVersionDate "2022.10.05"]
[SourceQuality "1"]

1. e4 c5 2. c3 Nf6 3. e5 Nd5 4. d4 cxd4 5. cxd4 d6 6. Nf3 Nc6 7. a3 e6 8. Bc4 Nb6 9. Bb5 Be7 10. Nc3 d5 11. 0-0 Bd7 12. Bf4 Na5 13. Bd3 Nac4 14. Qe2 Rc8 15. Nd1 Ba4 16. Ne3 g5 17. Bg3 h5 18. h3 a5 19. Rab1 Bb3 20. Nd2 Nxd2 21. Qxd2 Nc4 22. Nxc4 Bxc4 23. f4 g4 24. hxg4 hxg4 25. Bxc4 Rxc4 26. Rbc1 Bh4 27. Qf2 b5 28. b3 Bxg3 29. Qxg3 Rxd4 30. Qc3 Re4 31. Qc6+ Kf8 32. Qxb5 Kg7 33. f5 Rh1+ 34. Kxh1 Qh4+ 35. Kg1 g3 36. f6+ Kh7 0-1

[Event "Przelazy op-A"]
[Site "Przelazy"]
[Date "2004.??.??"]
[Round "3"]
[White "Chojnowski, Marcin"]
[Black "Swiderski, Marek"]
[Result "1-0"]
[WhiteElo "2020"]
[BlackElo "2160"]
[PlyCount "49"]
[EventDate "2004.??.??"]
[EventType "swiss"]
[EventRounds "9"]
[EventCountry "POL"]
[SourceTitle "EXT 2007"]
[Source "ChessBase"]
[SourceDate "2006.11.23"]
[SourceVersion "1"]
[SourceVersionDate "2006.11.23"]
[SourceQuality "1"]

1. e4 c5 2. Nf3 d6 3. d4 cxd4 4. Nxd4 Nf6 5. Nc3 g6 6. Be3 Bg7 7. f3 0-0 8. Qd2 Nc6 9. Bc4 Bd7 10. h4 Ne5 11. Bb3 h5 12. Bh6 Rc8 13. g4 Qb6 14. 0-0-0 Nc4 15. Bxc4 Rxc4 16. Bxg7 Kxg7 17. gxh5 Nxh5 18. Rhg1 Qa5 19. Rg5 e5 20. Nb3 Qc7 21. Rxh5 gxh5 22. Qg5+ Kh7 23. Qxh5+ Kg7 24. Rg1+ Kf6 25. Nd5+ 1-0

[Event "Przelazy op-A"]
[Site "Przelazy"]
[Date "2004.??.??"]
[Round "7"]
[White "Smykowski, Mateusz"]
[Black "Swiderski, Marek"]
[Result "0-1"]
[WhiteElo "2000"]
[BlackElo "2160"]
[PlyCount "90"]
[EventDate "2004.??.??"]
[EventType "swiss"]
[EventRounds "9"]
[EventCountry "POL"]
[SourceTitle "EXT 2007"]
[Source "ChessBase"]
[SourceDate "2006.11.23"]
[SourceVersion "1"]
[SourceVersionDate "2006.11.23"]
[SourceQuality "1"]

1. e4 c5 2. Nc3 d6 3. f4 Nc6 4. Nf3 Nf6 5. Bc4 e6 6. 0-0 Be7 7. d3 0-0 8. Qe1 Na5 9. Bb3 Nxb3 10. axb3 Bd7 11. Qg3 g6 12. f5 Nh5 13. Qh3 exf5 14. exf5 Ng7 15. Nd5 Bxf5 16. g4 Be6 17. Nxe7+ Qxe7 18. Ng5 h5 19. Re1 Rae8 20. Rxa7 Qd7 21. Nxe6 Rxe6 22. Rxe6 Qxe6 23. Rxb7 hxg4 24. Qe3 Qe5 25. Qe4 Qh5 26. Bf4 Re8 27. Re7 Rd8 28. Qb7 Qf5 29. Qe4 Qf6 30. Bd2 Qxb2 31. Qc4 Ne6 32. Rxe6 fxe6 33. Qxe6+ Kh8 34. Qxg4 Qd4+ 35. Qxd4+ cxd4 36. c4 dxc3 37. Bxc3+ Kg8 38. Kf2 Kf7 39. Ke3 Ke6 40. Kd4 Rh8 41. b4 Rh4+ 42. Ke3 Rxh2 43. Kd4 Rh4+ 44. Ke3 Kd5 45. Bf6 Rxb4 0-1

[Event "Przelazy op-A"]
[Site "Przelazy"]
[Date "2004.??.??"]
[Round "6"]
[White "Swiderski, Marek"]
[Black "Kaminski, Ludwik"]
[Result "1/2-1/2"]
[WhiteElo "2160"]
[BlackElo "1925"]
[PlyCount "20"]
[EventDate "2004.??.??"]
[EventType "swiss"]
[EventRounds "9"]
[EventCountry "POL"]
[SourceTitle "EXT 2007"]
[Source "ChessBase"]
[SourceDate "2006.11.23"]
[SourceVersion "1"]
[SourceVersionDate "2006.11.23"]
[SourceQuality "1"]

1. e4 d6 2. d4 Nf6 3. Nc3 g6 4. f4 c5 5. dxc5 Qa5 6. cxd6 Nxe4 7. Qd4 Nf6 8. Bd2 Nc6 9. Bb5 Qxb5 10. Nxb5 Nxd4 1/2-1/2

[Event "Gdansk-ch 5th"]
[Site "Gdansk"]
[Date "2003.11.16"]
[Round "6"]
[White "Swiderski, Marek"]
[Black "Pilecki, Adam"]
[Result "1/2-1/2"]
[WhiteElo "2162"]
[BlackElo "1800"]
[PlyCount "40"]
[EventDate "2003.11.07"]
[EventType "swiss"]
[EventRounds "9"]
[EventCountry "POL"]
[SourceTitle "EXT 2008"]
[Source "ChessBase"]
[SourceDate "2007.11.25"]
[SourceVersion "1"]
[SourceVersionDate "2007.11.25"]
[SourceQuality "1"]

1. e4 c5 2. c3 Nc6 3. d4 cxd4 4. cxd4 d6 5. Nc3 Nf6 6. Bb5 Bd7 7. Nf3 a6 8. Ba4 b5 9. Bc2 Bg4 10. Be3 e5 11. d5 Na5 12. Bg5 Be7 13. Rc1 0-0 14. b3 Rc8 15. Bd3 Nb7 16. b4 Nxd5 17. Nxd5 Bxg5 18. Rxc8 Bxc8 19. Qc2 Bd7 20. 0-0 Bh6 1/2-1/2

[Event "Gdansk-ch 5th"]
[Site "Gdansk"]
[Date "2003.11.07"]
[Round "1"]
[White "Tyda, Beata"]
[Black "Swiderski, Marek"]
[Result "1/2-1/2"]
[WhiteElo "1800"]
[BlackElo "2162"]
[PlyCount "57"]
[EventDate "2003.11.07"]
[EventType "swiss"]
[EventRounds "9"]
[EventCountry "POL"]
[SourceTitle "EXT 2008"]
[Source "ChessBase"]
[SourceDate "2007.11.25"]
[SourceVersion "1"]
[SourceVersionDate "2007.11.25"]
[SourceQuality "1"]

1. e4 c5 2. Nf3 d6 3. d4 cxd4 4. Nxd4 Nf6 5. Nc3 g6 6. f4 Bg7 7. e5 dxe5 8. fxe5 Nfd7 9. e6 Ne5 10. Bb5+ Nbc6 11. exf7+ Kf8 12. Nxc6 Qxd1+ 13. Nxd1 bxc6 14. Ba4 Ba6 15. Bf4 Kxf7 16. Bxe5 Bxe5 17. Bxc6 Rac8 18. Bd5+ e6 19. Bb3 Rhd8 20. c3 Bf4 21. g3 Bh6 22. c4 Bxc4 23. Bxc4 Rxc4 24. Rf1+ Ke7 25. Rf2 Rcd4 26. Nc3 Bd2+ 27. Kf1 Be3 28. Re2 Rd3 29. Rae1 1/2-1/2